| 000 -LEADER |
| fixed length control field |
00840cam a2200265 a 4500 |
| 003 - CONTROL NUMBER IDENTIFIER |
| control field |
OSt |
| 005 - DATE AND TIME OF LATEST TRANSACTION |
| control field |
20230922131435.0 |
| 008 - FIXED-LENGTH DATA ELEMENTS--GENERAL INFORMATION |
| fixed length control field |
080423s2008 ii ab 000 0 eng |
| 020 ## - INTERNATIONAL STANDARD BOOK NUMBER |
| Cancelled/invalid ISBN |
9788187780576 |
| 020 ## - INTERNATIONAL STANDARD BOOK NUMBER |
| International Standard Book Number |
8187780576 |
| 025 ## - OVERSEAS ACQUISITION NUMBER |
| Overseas acquisition number |
I-E-2008-307957; 67-25 |
| 037 ## - SOURCE OF ACQUISITION |
| Source of stock number/acquisition |
Library of Congress -- New Delhi Overseas Office |
| Terms of availability |
Rs175.00 |
| 042 ## - AUTHENTICATION CODE |
| Authentication code |
lcode |
| 043 ## - GEOGRAPHIC AREA CODE |
| Geographic area code |
a-ii--- |
| 050 00 - LIBRARY OF CONGRESS CALL NUMBER |
| Classification number |
DS486.B418 |
| Item number |
B447 2008 |
| 245 00 - TITLE STATEMENT |
| Title |
Bhopal : |
| Remainder of title |
a Good Earth guide / |
| Statement of responsibility, etc |
[editor and publisher Swati Mitra]. |
| 260 ## - PUBLICATION, DISTRIBUTION, ETC. (IMPRINT) |
| Place of publication, distribution, etc |
New Delhi : |
| Name of publisher, distributor, etc |
Eicher Goodearth Ltd., |
| Date of publication, distribution, etc |
c2008. |
| 300 ## - PHYSICAL DESCRIPTION |
| Extent |
96 p. : |
| Other physical details |
col. ill., maps ; |
| Dimensions |
25 x 13 cm. |
| 500 ## - GENERAL NOTE |
| General note |
"Sponsored by Madhya Pradesh Tourism." |
| 500 ## - GENERAL NOTE |
| General note |
2 maps on lining papers. |
| 651 #0 - SUBJECT ADDED ENTRY--GEOGRAPHIC NAME |
| Geographic name |
Bhopal (India) |
| Form subdivision |
Guidebooks. |
| 700 1# - ADDED ENTRY--PERSONAL NAME |
| Personal name |
Mitra, Swati. |
| 710 2# - ADDED ENTRY--CORPORATE NAME |
| Corporate name or jurisdiction name as entry element |
Eicher Goodearth Limited. |
| 942 ## - ADDED ENTRY ELEMENTS (KOHA) |
| Source of classification or shelving scheme |
|